Offices in Britain: survey of office market activity. - No. 1 (September 1981)-No 10 May 1987 (Record no. 91608)

MARC details
000 -LEADER
fixed length control field 00644cam a2200193 4500
001 - CONTROL NUMBER
control field B1512
008 - FIXED-LENGTH DATA ELEMENTS--GENERAL INFORMATION
fixed length control field 090401t xxu||||| |||| 00| 0 eng d
035 ## - SYSTEM CONTROL NUMBER
System control number (Sirsi) u44857
041 ## - LANGUAGE CODE
Language code of text/sound track or separate title eng
050 ## - LIBRARY OF CONGRESS CALL NUMBER
Classification number 333.337
110 ## - MAIN ENTRY--CORPORATE NAME
Corporate name or jurisdiction name as entry element Hillier Parker Research
9 (RLIN) 2002
245 ## - TITLE STATEMENT
Title Offices in Britain: survey of office market activity. - No. 1 (September 1981)-No 10 May 1987
260 ## - PUBLICATION, DISTRIBUTION, ETC.
Place of publication, distribution, etc. London
Name of publisher, distributor, etc. Hillier Parker May and Rowden
Date of publication, distribution, etc. 1981 -
350 ## - PRICE (NR) (BK AM CF MU VM SE) [OBSOLETE]
Price 0
520 ## - SUMMARY, ETC.
Summary, etc. 1981 - 1984 published twice a year ; since 1985 published annually. - No. 1 - 5 entitled Survey of Office Market Activity.
650 ## - SUBJECT ADDED ENTRY--TOPICAL TERM
Topical term or geographic name entry element FLOORSPACE
942 ## - ADDED ENTRY ELEMENTS (KOHA)
Suppress in OPAC 0
948 ## - LOCAL PROCESSING INFORMATION (OCLC); SERIES PART DESIGNATOR (RLIN)
c (OCLC) 04/03/1997
Holdings
Withdrawn status Lost status Source of classification or shelving scheme Damaged status Not for loan Home library Current library Shelving location Date acquired Total Checkouts Full call number Barcode Date last seen Copy number Price effective from Koha item type
    Dewey Decimal Classification     London London Property market reports 22/08/1991   LIBRARY ANNEXE 30027412 06/08/2019 1 06/08/2019 Reference material
    Dewey Decimal Classification     London London Property market reports 10/08/2000   LIBRARY ANNEXE 30027416 06/08/2019 2 06/08/2019 Book
    Dewey Decimal Classification     London London Property market reports 10/08/2000   LIBRARY ANNEXE 30027393 06/08/2019 3 06/08/2019 Book
    Dewey Decimal Classification     London London Property market reports 10/08/2000   LIBRARY ANNEXE 30027420 06/08/2019 4 06/08/2019 Book
    Dewey Decimal Classification     London London Property market reports 10/08/2000   LIBRARY ANNEXE 30027367 06/08/2019 5 06/08/2019 Book
    Dewey Decimal Classification     London London Property market reports 10/08/2000   LIBRARY ANNEXE 30027448 06/08/2019 6 06/08/2019 Book
    Dewey Decimal Classification     London London Property market reports 10/08/2000   LIBRARY ANNEXE 30027363 06/08/2019 7 06/08/2019 Book
    Dewey Decimal Classification     London London Property market reports 10/08/2000   LIBRARY ANNEXE 30027378 06/08/2019 8 06/08/2019 Book
    Dewey Decimal Classification     London London Property market reports 10/08/2000   LIBRARY ANNEXE 30027405 06/08/2019 9 06/08/2019 Book
    Dewey Decimal Classification     London London Property market reports 10/08/2000   LIBRARY ANNEXE 30027382 06/08/2019 10 06/08/2019 Book